Thematic carthography and visualization

Saved in:
Bibliographic Details
Main Author: SlocumlhTerry A.
Format: Book
Published: New JerseylbPrentice Halllc1999
Subjects:
Tags: Add Tag
No Tags, Be the first to tag this record!
Call Number :GA108.7. S58 1999

MARC

LEADER 00000pam a2200000 4500
001 14979
003 MY-KLNDU
005 20241218060218.0
020 0 0 |a 0132097761 
035 |a 0000007401 
039 9 |y 200910081632  |z VLOAD 
090 0 0 |a GA108.7.  |b S58 1999 
100 1 0 |a SlocumlhTerry A. 
245 1 0 |a Thematic carthography and visualization  |c Terry A. Slocum 
260 0 0 |a New JerseylbPrentice Halllc1999 
300 |a x,293p.  |b ill  |c 27cm 
500 0 0 |a Includes bibliographical references and index 
650 0 0 |a Carthography 
999 |a vtls000015023  |c 14979  |d 14979